| 000 | 00784nam a2200241 a 4500 | ||
|---|---|---|---|
| 001 | 4875112 | ||
| 003 | NUST - PNEC | ||
| 005 | 20170116181023.0 | ||
| 008 | 920324s1991 enka b 001 0 eng | ||
| 010 | _a 92136642 | ||
| 020 | _a0750611413 | ||
| 040 | _cLIBRARY | ||
| 082 | 0 | 0 | _a621.46 SCH |
| 100 | 1 | _aSchwarz, K. K. | |
| 245 | 1 | 0 |
_aDesign of industrial electric motor drives / _cK.K. Schwarz. |
| 260 |
_aOxford ; _aBoston : _bButterworth-Heinemann, _c1991. |
||
| 300 |
_axi, 285 p. : _bill. ; _c24 cm. |
||
| 504 | _aIncludes bibliographical references (p. 270-280) and index. | ||
| 650 | 0 |
_aElectric driving _xEL, EE |
|
| 906 |
_a7 _bcbc _corignew _d3 _encip _f19 _gy-gencatlg |
||
| 942 |
_2ddc _cBK |
||
| 999 |
_c67468 _d67468 |
||